Which Decade? Cold War Click Quiz - Statistics

General Stats
  • This quiz has been taken 268 times
  • The average score is 14 of 25
Answer Stats
Hint Answer % Correct
United States withdraws from Vietnam 1970’s
78%
The Cuban Missile Crisis 1960’s
76%
The USSR collapses 1990’s
75%
The Bay of Pigs Invasion 1960’s
73%
North Korea invades South Korea 1950’s
72%
Gorbachev comes to power and enacts perestroika and glasnost 1980’s
67%
Boris Yeltsin becomes the leader of Russia 1990’s
62%
Poland is the first to quit communism peacefully 1980’s
61%
The USSR withdraws from Afghanistan 1980’s
60%
Communist revolutionaries take over mainland China 1940’s
57%
The Baltic countries declare independence from the USSR 1990’s
57%
Churchill claims an “iron curtain” had descended on Eastern Europe 1940’s
56%
The Berlin Wall is dismantled 1980’s
56%
The Iranian Hostage Crisis 1970’s
55%
The USSR begins its invasion of Afghanistan 1970’s
55%
The creation of NATO 1940’s
54%
The Soviet military crushes the Hungarian Revolution 1950’s
54%
The USSR launches Sputnik, starting the Space Race 1950’s
54%
The construction of the Berlin Wall 1960’s
54%
The USA flouts the Berlin Blockade with the Berlin Airlift 1940’s
48%
The Suez Crisis 1950’s
48%
China’s communist government is recognized by NATO and its allies 1970’s
36%
The USSR tests their first nuclear weapon 1940’s
35%
The USSR tests Tsar Bomba, the largest nuke ever 1960’s
34%
The USA and USSR agree to limit nuclear weapons with SALT I & II 1970’s
32%
No matching quizzes found
Score Distribution
Percent of People with Each Score
Percentile by Number Answered
Your Score History
You have not taken this quiz